Исследование напряженно-деформированного состояния многослойных полимерных труб методом конечных элементов; Известия Томского политехнического университета [Известия ТПУ]; Т. 322, № 2 : Математика и механика. Физика

التفاصيل البيبلوغرافية
Parent link:Известия Томского политехнического университета [Известия ТПУ]/ Томский политехнический университет (ТПУ).— , 2000-
Т. 322, № 2 : Математика и механика. Физика.— 2013.— [С. 81-84]
المؤلف الرئيسي: Бочкарева С. А. Светлана Алексеевна
مؤلفون آخرون: Реутов Ю. А. Юрий Анатольевич
الملخص:Заглавие с титульного листа
Электронная версия печатной публикации
Обозначена актуальность задачи оценки напряженно-деформированного состояния (НДС) трубопроводов из полимерных материалов численными методами. С использованием деформационно-прочностных свойств слоев произведен расчет трехслойной армированной полимерной трубы методом конечных элементов (МКЭ), получены графики распределения эквивалентных напряжений и перемещений. Приведено описание разработанного алгоритма численной реализация задачи и сравнение результатов работы программы с имеющимися аналитическими решениями. В качестве проверки достоверности результатов расчет повторен в программном комплексе ANSYS. Сделаны выводы о перспективности применения метода.
اللغة:الروسية
منشور في: 2013
سلاسل:Математика и механика. Физика
الموضوعات:
الوصول للمادة أونلاين:http://earchive.tpu.ru/bitstream/11683/4672/1/bulletin_tpu-2013-322-2-19.pdf
التنسيق: MixedMaterials الكتروني فصل الكتاب
KOHA link:https://koha.lib.tpu.ru/cgi-bin/koha/opac-detail.pl?biblionumber=235783

MARC

LEADER 00000nla2a2200000 4500
001 235783
005 20231031204332.0
035 |a (RuTPU)RU\TPU\book\256923 
035 |a RU\TPU\book\256922 
090 |a 235783 
100 |a 20130416d2013 k y0rusy50 ca 
101 0 |a rus 
102 |a RU 
135 |a drnn ---uucaa 
181 0 |a i  
182 0 |a b 
200 1 |a Исследование напряженно-деформированного состояния многослойных полимерных труб методом конечных элементов  |b Электронный ресурс  |f С. А. Бочкарева, Ю. А. Реутов 
203 |a Текст  |c электронный 
215 |a 1 файл (242 Кб) 
225 1 |a Математика и механика. Физика 
230 |a Электронные текстовые данные (1 файл : 242 Кб) 
300 |a Заглавие с титульного листа 
300 |a Электронная версия печатной публикации 
320 |a [Библиогр.: с. 84 (6 назв.)] 
330 |a Обозначена актуальность задачи оценки напряженно-деформированного состояния (НДС) трубопроводов из полимерных материалов численными методами. С использованием деформационно-прочностных свойств слоев произведен расчет трехслойной армированной полимерной трубы методом конечных элементов (МКЭ), получены графики распределения эквивалентных напряжений и перемещений. Приведено описание разработанного алгоритма численной реализация задачи и сравнение результатов работы программы с имеющимися аналитическими решениями. В качестве проверки достоверности результатов расчет повторен в программном комплексе ANSYS. Сделаны выводы о перспективности применения метода. 
337 |a Adobe Reader 
461 1 |0 (RuTPU)RU\TPU\book\176237  |t Известия Томского политехнического университета [Известия ТПУ]  |f Томский политехнический университет (ТПУ)  |d 2000- 
463 1 |0 (RuTPU)RU\TPU\book\256813  |x 1684-8519  |t Т. 322, № 2 : Математика и механика. Физика  |v [С. 81-84]  |d 2013  |p 206 с. 
610 1 |a полимерные материалы 
610 1 |a многослойные трубы 
610 1 |a напряженно-деформированное состояние 
610 1 |a метод конечных элементов 
610 1 |a ANSYS 
610 1 |a труды учёных ТПУ 
610 1 |a электронный ресурс 
700 1 |a Бочкарева  |b С. А.  |g Светлана Алексеевна 
701 1 |a Реутов  |b Ю. А.  |g Юрий Анатольевич 
801 1 |a RU  |b 63413507  |c 20090623  |g PSBO 
801 2 |a RU  |b 63413507  |c 20220126  |g PSBO 
856 4 |u http://earchive.tpu.ru/bitstream/11683/4672/1/bulletin_tpu-2013-322-2-19.pdf 
942 |c CF